QUICK AND EASY WAY TO EFFECTIVE SPEAKING (Record no. 30229)

MARC details
000 -LEADER
fixed length control field 00315nam a2200121Ia 4500
008 - FIXED-LENGTH DATA ELEMENTS--GENERAL INFORMATION
fixed length control field 240624s9999 xx 000 0 und d
041 ## - LANGUAGE CODE
Language code of text/sound track or separate title eng
082 ## - DEWEY DECIMAL CLASSIFICATION NUMBER
Classification number 808.5 CAR
100 ## - MAIN ENTRY--PERSONAL NAME
Personal name CARNEGIE DALE
245 ## - TITLE STATEMENT
Title QUICK AND EASY WAY TO EFFECTIVE SPEAKING
260 ## - PUBLICATION, DISTRIBUTION, ETC.
Date of publication, distribution, etc. 1962
Place of publication, distribution, etc. London
Name of publisher, distributor, etc. Vermilion
300 ## - PHYSICAL DESCRIPTION
Extent ix, 273 p.; 20 cm
Holdings
Withdrawn status Lost status Damaged status Not for loan Home library Current library Shelving location Date acquired Total Checkouts Full call number Barcode Date due Date last seen Date last checked out Price effective from Koha item type
        IMTN IMTN Rack 38-A 01/22/2018 2 808.5 CAR 30229 01/18/2026 01/08/2026 01/08/2026 06/24/2024 Books
Designed & Maintained by: LRC IMT Nagpur Contact: lrc@imtnag.ac.in© 2024. All Rights Reserved.